000 00292nam a2200133Ia 4500
100 _aShaw/ David M.
942 _cBK
654 _aWood work
245 _aWood work design & practice
260 _bHodder & Stoughton
_aLondon
_c1978
082 _a684.08
300 _a170
546 _aENGLISH
999 _c33448
_d33448